书目信息 |
| 题名: |
数值分析复习与考试指导
|
|
| 作者: | 李庆扬 编 | |
| 分册: | ||
| 出版信息: | 北京 高等教育出版社 2000.05 |
|
| 页数: | 257页 | |
| 开本: | 20cm | |
| 丛书名: | ||
| 单 册: | ||
| 中图分类: | O241 | |
| 科图分类: | ||
| 主题词: | 计算数学 | |
| 电子资源: | ||
| ISBN: | 7-04-008590-9 | |
| 000 | 00631nam0 2200205 450 | |
| 001 | 0636960145 | |
| 005 | 20060110101841.44 | |
| 010 | @a7-04-008590-9@dCNY13.40 | |
| 100 | @a20060110d2000 km y0chiy0120 ea | |
| 101 | 0 | @achi |
| 102 | @aCN@b110000 | |
| 200 | 1 | @a数值分析复习与考试指导@Ashu zhi fen xi fu xi yu kao shi zhi dao@f李庆扬编@Fli qing yang bian |
| 210 | @a北京@c高等教育出版社@d2000.05 | |
| 215 | @a257页@d20cm | |
| 300 | @a同等学力人员申请硕士学位考试用书 计算机科学与技术学科 | |
| 606 | 0 | @a计算数学 |
| 690 | @aO241@v3 | |
| 701 | 0 | @a李庆扬@Ali qing yang@4编 |
| 801 | 0 | @aCN@bPFT@c20060110 |
| 905 | @a10447@dO241@eL2303 | |
| 数值分析复习与考试指导/李庆扬编.-北京:高等教育出版社,2000.05 |
| 257页;20cm |
| 同等学力人员申请硕士学位考试用书 计算机科学与技术学科 |
| ISBN 7-04-008590-9:CNY13.40 |
| ● |
| 相关链接 |
|
|
|
正题名:数值分析复习与考试指导
索取号:O241/L2303
 
预约/预借
| 序号 | 登录号 | 条形码 | 馆藏地/架位号 | 状态 | 备注 |
| 1 | 442541 | 204425416 | 自科库401/401自科库 49排2列2层/ [索取号:O241/L2303] | 在馆 |